000 01051nam a2200229Ia 4500
003 GCL
008 140319s9999 xx 000 0 ara d
020 _a5594509953
040 _aGCL /
_cGCL
082 0 4 _a364.13
_bم ف
100 1 _aمركز دراسات الوحدة العربية
245 1 0 _aالفساد والحكم الصالح فى البلاد العربية :
_bبحوث ومناقشات الندوة الفكرية التى نظمها مركز دراسات الوحدة العربية بالتعاون مع المعهد السويدى بالاسكندرية /
_cمركز دراسات الوحدة العربية
250 _aالاولى
260 _aالقاهرة :
_bمركز دراسات الوحدة العربية ،
_c2004
300 _a971 ص ؛
_c24 سم
650 0 4 _aالجرائم السياسية
650 0 4 _aالديمقراطية
650 0 4 _aالمجتمع العربى
650 0 4 _aالفساد السياسى
650 0 4 _aالعالم العربى - الاحوال السياسية
942 _2ddc
_cBK
999 _c7474
_d7474